| 000 | 00821nam a2200241Ia 4500 | ||
|---|---|---|---|
| 003 | OSt | ||
| 005 | 20220923225719.0 | ||
| 006 | a|||||r|||| 00| 0 | ||
| 007 | ta | ||
| 008 | 220922b |||||||| |||| 00| 0 snd d | ||
| 024 | _a273,898 | ||
| 037 | _cTextual | ||
| 040 |
_aARTS _cARTS _bsnd |
||
| 041 |
_2snd _asnd |
||
| 082 | _aO1593,3N11x, L3 | ||
| 100 |
_aपंजवाणी, रामु प्रताबराइ _9168801 |
||
| 245 | 0 | _aअजीब आखाणियूं | |
| 246 | _aAjīb ākhāṇiyūan | ||
| 260 |
_aअजमेर _b सुन्दर साहित्य पब्लिश्ंिाग _c1973 |
||
| 300 |
_a87पृ0 _ccm. |
||
| 942 |
_hO1593,3N11x, L3 _cTEXL _2CC |
||
| 999 |
_c379940 _d379940 |
||